Показання обвинуваченого в кримінальному процесі України (Запис № 571143)

МАРК-запис
000 -Лідер
fixed length control field 03128nam a22002417a 4500
003 - Ідентифікатор контрольного номера
control field UA-OsUOA
005 - Дата та час останнього входження (трансакції)
control field 20210806103723.0
008 - Елементи даних фіксованої довжини – загальна інформація
fixed length control field 210806b un ||||| |||| 00| 0 ukr d
040 ## - Джерело каталогізації
Агенція оригінальної каталогізації UA-OsUOA
Мова каталогізації ukr
Агенція, яка здійснювала перезапис UA-OsUOA
Агенція, яка здійснювала модифікацію UA-OsUOA
041 ## - Код мови
Код мови тексту/ звукової доріжки чи окремого заголовка (П) ukr
080 ## - Індекс Універсальної десяткової класифікації
Індекс Універсальної десяткової класифікації (УДК) (НП) 343.14(477)
090 ## - Локальний шифр розміщення
Класифікаційний індекс УДК 343.14(477)
095 ## - Код спеціальності для авторефератів
Код спеціальності 12.00.09
Назва спеціальності кримінальний процес та криміналістика ; судова експертиза
100 ## - Основне введення – ім’я особи
Ім’я особи (НП) Льовкін В. Л.
245 ## - Відомості про назву
Назва (НП) Показання обвинуваченого в кримінальному процесі України
Дані про відповідальність (НП) Льовкін В'ячеслав Леонідович ; наук. керівник Шибіко Василь Петрович
260 ## - Публікація, розповсюдження і т.п. (Вихідні дані)
Місце публікації, розповсюдження і т.п. (П) Київ
Дата публікації, розповсюдження і т.п. (П) 2007
300 ## - Фізичний опис
Обсяг 18 с.
502 ## - Примітка про дисертацію
Зв'язок Автореферат дисертації на здобуття науковго ступеня кандидата юридичних наук<br/>
Наймення інституції, що представляється Київський національний університет імені Тараса Шевченка
Рік отримання вченого ступеня 2007
520 ## - Резюме і т.п.
Резюме, реферат, анотація, тощо (НП) Досліджено поняття обвинуваченого, його правовий статус. Встановлено, що право обвинуваченого давати показання є важливим елементом права на захист.<br/>Досліджено сутність та ознаки показань обвинуваченого. Показання обвинуваченого - джерело доказів, які повідомлені обвинуваченим (підсудним) на допиті чи очній ставці, проведених в ході досудового розслідування у кримінальній справі або в суді першої чи апеляційної інстанцій відповідно до вимог кримінально-процесуального закону. Обґрунтовано положення про подвійну процесуальну природу показань обвинуваченого - це джерело доказів і засіб захисту від обвинувачення.<br/>Констатовано недосконалість спрощеного порядку судового розгляду, передбаченого ст. 299 і ст. 301-1 КПК, де судове слідство обмежується допитом підсудного, що визнає вину. Сформульовано пропозиції щодо його вдосконалення.<br/>Розглянуто особливості показань обвинуваченого у суді апеляційної інстанції, у справах про злочини неповнолітніх, приватного обвинувачення, а також при розв'язанні питання про взяття обвинуваченого під варту.
650 ## - Додаткове предметне введення – тематичний термін
Джерело заголовка чи терміна UDC
Тематичний термін чи географічна назва, як елемент введення (НП) 343 Кримінальне право. Карні порушення
942 ## - Додаткові елементи входу (Коха)
Source of classification or shelving scheme Universal Decimal Classification
Тип елемента Koha Автореферат
955 ## - Код типу видання за змістом
Код типу видання за змістом (НП) Наукові видання

Немає доступних примірників.